000 00852cam a2200265 a 4500
001 12410551
003 OSt
005 20160203094139.0
008 010516s2001 maua b 001 0 eng
020 _a0072317264
040 _aSEKU
050 0 0 _aN 7477
_b.G5 2002
100 1 _aGilbert, Rita,
245 1 0 _aGilbert's living with art.
246 3 0 _aLiving with art
250 _a6th ed. /
_bMark Getlein.
260 _aBoston :
_bMcGraw-Hill,
_cc2002.
300 _a581 p. :
_bill. (chiefly col.) ;
_c28 cm.
500 _aRev. ed. of: Living with art. 1998.
500 _aOne chart inserted titled: Time line for Living with art by Rita Gilbert (28 x 85 cm.)
504 _aIncludes bibliographical references (p. 554-559) and index.
650 0 _aArt appreciation.
700 1 _aGilbert, Rita,
_d1942-
_tLiving with art.
942 _2lcc
_cGEN
999 _c10237
_d10237